[Event "Skakliga 2007-08"]
[Site "Denmark"]
[Date "2007.11.10"]
[Round "1.7"]
[White "Bekker Jensen, David"]
[Black "Danstrup, Niels"]
[Result "1-0"]
[WhiteElo "2320"]
[BlackElo "2097"]
[PlyCount "67"]
[EventDate "2007.11.10"]
[EventType "team-tourn"]
[EventRounds "9"]
[EventCountry "DEN"]
[Source "ChessBase"]
[SourceDate "2003.11.25"]
[WhiteTeam "Helsinge"]
[BlackTeam "Nordre"]
[WhiteTeamCountry "DEN"]
[BlackTeamCountry "DEN"]

1. d4 d5 2. c4 c6 3. Nc3 Nf6 4. e3 e6 5. Nf3 Nbd7 6. Qc2 Bd6 7. Bd3 O-O 8. O-O
b6 9. e4 dxe4 10. Nxe4 Be7 11. Ne5 Bb7 12. Ng5 g6 13. Rd1 Bd6 14. h4 Qe7 15.
Re1 c5 16. Nexf7 Rxf7 17. Rxe6 Qf8 18. Nxf7 Kxf7 19. d5 Ne5 20. Bg5 Ne8 21. Re1
Qh8 22. Qc3 h6 23. Bd2 Qg7 24. R1xe5 Bxe5 25. Rxe5 Nf6 26. Bf4 Bc8 27. Qe1 Ng8
28. Bd2 Qf6 29. h5 gxh5 30. Bc3 Qh4 31. Qe3 Bg4 32. Qe4 Kf8 33. f3 Nf6 34. Qf4
1-0

[Event "Skakliga 2007-08"]
[Site "Denmark"]
[Date "2007.11.10"]
[Round "1.8"]
[White "Klitgaard, Thomas"]
[Black "Lauridsen, Jesper Morch"]
[Result "1/2-1/2"]
[WhiteElo "2094"]
[BlackElo "2261"]
[PlyCount "58"]
[EventDate "2007.11.10"]
[EventType "team-tourn"]
[EventRounds "9"]
[EventCountry "DEN"]
[Source "ChessBase"]
[SourceDate "2003.11.25"]
[WhiteTeam "Nordre"]
[BlackTeam "Helsinge"]
[WhiteTeamCountry "DEN"]
[BlackTeamCountry "DEN"]

1. d4 d5 2. Nc3 Nf6 3. Bg5 Nbd7 4. Qd3 c6 5. e4 dxe4 6. Nxe4 Nxe4 7. Qxe4 Nf6
8. Bxf6 Qa5+ 9. c3 gxf6 10. Bc4 Bf5 11. Qf3 Rg8 12. h3 e6 13. Ne2 O-O-O 14. O-O
Bd6 15. b4 Qc7 16. a4 Rg6 17. a5 a6 18. Bd3 Bxd3 19. Qxd3 Rdg8 20. Qf3 f5 21.
Kh1 Qe7 22. Rg1 Qh4 23. Rab1 Qe4 24. Qxe4 fxe4 25. c4 f5 26. Nc3 Bf4 27. Ne2
Bc7 28. g3 Rh6 29. Kh2 Rg5 1/2-1/2

[Event "Skakliga 2007-08"]
[Site "Denmark"]
[Date "2007.11.10"]
[Round "1.1"]
[White "Hillarp Persson, Tiger"]
[Black "Hansen, Sune Berg"]
[Result "1/2-1/2"]
[WhiteElo "2568"]
[BlackElo "2567"]
[PlyCount "43"]
[EventDate "2007.11.10"]
[EventType "team-tourn"]
[EventRounds "9"]
[EventCountry "DEN"]
[Source "ChessBase"]
[SourceDate "2003.11.25"]
[WhiteTeam "Bronshoj"]
[BlackTeam "Helsingor"]
[WhiteTeamCountry "DEN"]
[BlackTeamCountry "DEN"]

1. e4 e5 2. Nf3 Nc6 3. Bb5 a6 4. Ba4 Nf6 5. O-O Be7 6. Re1 b5 7. Bb3 d6 8. c3
O-O 9. h3 Na5 10. Bc2 d5 11. d4 dxe4 12. Nxe5 c5 13. Nd2 cxd4 14. Nxe4 dxc3 15.
Qf3 Bb7 16. b4 Nxe4 17. Bxe4 Bxe4 18. Qxe4 f5 19. Qf4 Nc4 20. Nxc4 bxc4 21.
Qxc4+ Kh8 22. Be3 1/2-1/2

[Event "Skakliga 2007-08"]
[Site "Denmark"]
[Date "2007.11.10"]
[Round "1.2"]
[White "Mortensen, Erling"]
[Black "Pilgaard, Kim"]
[Result "1-0"]
[WhiteElo "2456"]
[BlackElo "2453"]
[PlyCount "75"]
[EventDate "2007.11.10"]
[EventType "team-tourn"]
[EventRounds "9"]
[EventCountry "DEN"]
[Source "ChessBase"]
[SourceDate "2003.11.25"]
[WhiteTeam "Helsingor"]
[BlackTeam "Bronshoj"]
[WhiteTeamCountry "DEN"]
[BlackTeamCountry "DEN"]

1. c4 Nf6 2. Nc3 c5 3. Nf3 Nc6 4. e3 d5 5. d4 cxd4 6. exd4 Bg4 7. cxd5 Nxd5 8.
Bb5 Rc8 9. h3 Bxf3 10. Qxf3 Nxc3 11. bxc3 Qa5 12. Rb1 a6 13. Bxc6+ bxc6 14. Bf4
Qxa2 15. O-O Qd5 16. Qe2 Ra8 17. Rfe1 e6 18. c4 Qxd4 19. Be5 Qd7 20. Red1 Qc8
21. Qh5 a5 22. Rb2 h6 23. Rdb1 Bb4 24. Bxg7 Rh7 25. Bf6 Qa6 26. Qg4 Kf8 27. Rb3
h5 28. Qf4 h4 29. Rd3 Rc8 30. Rbd1 Be7 31. Bxe7+ Kxe7 32. Rd7+ Kf8 33. Qf6 Re8
34. Rd8 Qb6 35. R1d7 Qb1+ 36. Kh2 Qb8+ 37. Rxb8 Rxb8 38. Ra7 1-0

[Event "Skakliga 2007-08"]
[Site "Denmark"]
[Date "2007.11.10"]
[Round "1.3"]
[White "Hoi, Carsten"]
[Black "Nielsen, Nicholas Roland"]
[Result "1-0"]
[WhiteElo "2409"]
[BlackElo "2219"]
[PlyCount "81"]
[EventDate "2007.11.10"]
[EventType "team-tourn"]
[EventRounds "9"]
[EventCountry "DEN"]
[Source "ChessBase"]
[SourceDate "2003.11.25"]
[WhiteTeam "Bronshoj"]
[BlackTeam "Helsingor"]
[WhiteTeamCountry "DEN"]
[BlackTeamCountry "DEN"]

1. d4 Nf6 2. c4 e6 3. Nc3 Bb4 4. e3 b6 5. Nge2 Ne4 6. Bd2 Nxd2 7. Qxd2 f5 8. a3
Be7 9. g3 Bb7 10. d5 O-O 11. Bg2 e5 12. O-O d6 13. f4 e4 14. Nd4 Bc8 15. b4 Bf6
16. g4 g6 17. gxf5 gxf5 18. Kh1 Bxd4 19. Qxd4 Qf6 20. Nb5 Qxd4 21. Nxd4 Kh8 22.
Bh3 Bd7 23. b5 a6 24. a4 h6 25. Rg1 Kh7 26. a5 axb5 27. axb6 Rxa1 28. Rxa1 cxb6
29. cxb5 Kg6 30. Ra7 Bc8 31. Ra8 Bb7 32. Bxf5+ Kf6 33. Ra7 Bxd5 34. Rh7 Rf7 35.
Rxh6+ Ke7 36. Bg4 Nd7 37. Nf5+ Kd8 38. Rxd6 Bc4 39. Nd4 Bd3 40. h4 Kc7 41.
Rxd7+ 1-0

[Event "Skakliga 2007-08"]
[Site "Denmark"]
[Date "2007.11.10"]
[Round "1.4"]
[White "Jorgensen, Michael"]
[Black "Bromann, Thorbjorn"]
[Result "0-1"]
[WhiteElo "2217"]
[BlackElo "2430"]
[PlyCount "76"]
[EventDate "2007.11.10"]
[EventType "team-tourn"]
[EventRounds "9"]
[EventCountry "DEN"]
[Source "ChessBase"]
[SourceDate "2003.11.25"]
[WhiteTeam "Helsingor"]
[BlackTeam "Bronshoj"]
[WhiteTeamCountry "DEN"]
[BlackTeamCountry "DEN"]

1. d4 d5 2. c4 c6 3. Nf3 Nf6 4. Nc3 a6 5. a4 g6 6. Bf4 Bg7 7. e3 O-O 8. Qb3 Qa5
9. Nd2 Nbd7 10. Be2 Re8 11. cxd5 Nxd5 12. Bg3 e5 13. dxe5 Nxe5 14. O-O Be6 15.
Bxe5 Bxe5 16. Nc4 Nxc3 17. bxc3 Qxc3 18. Qxc3 Bxc3 19. Rab1 b5 20. Rfc1 Bg7 21.
Na5 bxa4 22. Nxc6 a3 23. Rb4 a2 24. Nd4 Reb8 25. Rxb8+ Rxb8 26. Bd3 Bd5 27. f3
h5 28. Kf2 Rb2+ 29. Kg3 Be5+ 30. f4 Rxg2+ 31. Kh3 Bxd4 32. exd4 Rd2 33. Bxa6
Rxd4 34. f5 g5 35. f6 Kh7 36. Kg3 Ra4 37. Bd3+ Be4 38. Bxe4+ Rxe4 0-1

[Event "Skakliga 2007-08"]
[Site "Denmark"]
[Date "2007.11.10"]
[Round "1.5"]
[White "Brinck Claussen, Bjorn"]
[Black "Larsen, Ole Bogh"]
[Result "0-1"]
[WhiteElo "2292"]
[BlackElo "2235"]
[PlyCount "44"]
[EventDate "2007.11.10"]
[EventType "team-tourn"]
[EventRounds "9"]
[EventCountry "DEN"]
[Source "ChessBase"]
[SourceDate "2003.11.25"]
[WhiteTeam "Bronshoj"]
[BlackTeam "Helsingor"]
[WhiteTeamCountry "DEN"]
[BlackTeamCountry "DEN"]

1. e4 e5 2. Nf3 Nc6 3. Bb5 a6 4. Ba4 Nf6 5. O-O Be7 6. Re1 b5 7. Bb3 d6 8. c3
O-O 9. h3 Na5 10. Bc2 d5 11. exd5 e4 12. Ng5 Nxd5 13. Nxe4 f5 14. Ng3 f4 15.
Ne4 f3 16. d4 fxg2 17. a4 Bxh3 18. axb5 Bh4 19. Rxa5 Rxf2 20. Nxf2 Bxf2+ 21.
Kxf2 Qh4+ 22. Kg1 Rf8 0-1

[Event "Skakliga 2007-08"]
[Site "Denmark"]
[Date "2007.11.10"]
[Round "1.6"]
[White "Fagerstrom, Bjorn"]
[Black "Carstensen, Jacob"]
[Result "0-1"]
[WhiteElo "2159"]
[BlackElo "2300"]
[PlyCount "85"]
[EventDate "2007.11.10"]
[EventType "team-tourn"]
[EventRounds "9"]
[EventCountry "DEN"]
[Source "ChessBase"]
[SourceDate "2003.11.25"]
[WhiteTeam "Helsingor"]
[BlackTeam "Bronshoj"]
[WhiteTeamCountry "DEN"]
[BlackTeamCountry "DEN"]

1. d4 d5 2. Nf3 Nf6 3. c4 dxc4 4. e3 e6 5. Bxc4 c5 6. O-O a6 7. Bb3 b5 8. dxc5
Qc7 9. a4 b4 10. Qc2 Bb7 11. Nbd2 Nbd7 12. c6 Qxc6 13. Qxc6 Bxc6 14. Nd4 Bb7
15. a5 Nc5 16. Ba4+ Nxa4 17. Rxa4 e5 18. N4f3 Nd7 19. b3 Rc8 20. Ra2 f6 21. Bb2
Nc5 22. Ba1 Bd5 23. Rc2 Rb8 24. Rfc1 Rb5 25. e4 Be6 26. Ne1 Rxa5 27. f4 exf4
28. e5 Kf7 29. exf6 gxf6 30. Nef3 Rg8 31. Bd4 Nd7 32. Kf2 Be7 33. Rc6 Ne5 34.
Bxe5 fxe5 35. Re1 Bc5+ 36. Kf1 Be3 37. Rc7+ Kg6 38. Rc6 Bxd2 39. Nxd2 Kf5 40.
Nf3 Bxb3 41. Nh4+ Kg4 42. Nf3 Bd5 43. Nxe5+ 0-1

[Event "Skakliga 2007-08"]
[Site "Denmark"]
[Date "2007.11.10"]
[Round "1.7"]
[White "Palm, Nikolaj"]
[Black "Dalsberg, Sandra de Blecourt"]
[Result "1/2-1/2"]
[WhiteElo "2260"]
[BlackElo "2052"]
[PlyCount "99"]
[EventDate "2007.11.10"]
[EventType "team-tourn"]
[EventRounds "9"]
[EventCountry "DEN"]
[Source "ChessBase"]
[SourceDate "2003.11.25"]
[WhiteTeam "Bronshoj"]
[BlackTeam "Helsingor"]
[WhiteTeamCountry "DEN"]
[BlackTeamCountry "DEN"]

1. d4 d5 2. Nf3 Nf6 3. c4 c6 4. cxd5 cxd5 5. Nc3 Nc6 6. Bf4 a6 7. Rc1 Bf5 8. a3
e6 9. Ne5 Nxe5 10. Bxe5 Nd7 11. Bf4 Rc8 12. f3 Qa5 13. Bd2 Be7 14. e4 dxe4 15.
fxe4 Bg6 16. Nd5 Bh4+ 17. g3 Qd8 18. Rxc8 Qxc8 19. Nc3 Be7 20. Bg2 Qc4 21. Qa4
Qxa4 22. Nxa4 b5 23. Nc3 O-O 24. Ke2 Nb6 25. Rd1 Rd8 26. Bc1 Bh5+ 27. Bf3 Bxf3+
28. Kxf3 b4 29. axb4 Bxb4 30. Bf4 Nc4 31. Na4 e5 32. b3 Na5 33. Bxe5 Nxb3 34.
d5 Nd2+ 35. Kf4 Re8 36. Nc3 Bxc3 37. Bxc3 Nxe4 38. Bb4 Nf6 39. Rd4 Nd7 40. Ba3
f6 41. h4 Ne5 42. Ra4 Nd3+ 43. Kf3 Ne1+ 44. Kf4 Nd3+ 45. Kf3 Ne1+ 46. Kg4 Nc2
47. Bc1 Rd8 48. Rc4 Ne1 49. Bd2 Nd3 50. Rd4 1/2-1/2

[Event "Skakliga 2007-08"]
[Site "Denmark"]
[Date "2007.11.10"]
[Round "1.8"]
[White "Jensen, Ib"]
[Black "Aabling Thomsen, Jakob"]
[Result "0-1"]
[WhiteElo "1930"]
[BlackElo "2269"]
[PlyCount "48"]
[EventDate "2007.11.10"]
[EventType "team-tourn"]
[EventRounds "9"]
[EventCountry "DEN"]
[Source "ChessBase"]
[SourceDate "2003.11.25"]
[WhiteTeam "Helsingor"]
[BlackTeam "Bronshoj"]
[WhiteTeamCountry "DEN"]
[BlackTeamCountry "DEN"]

1. d4 Nf6 2. Nf3 g6 3. Nc3 c5 4. d5 Bg7 5. e4 d6 6. Be2 O-O 7. Be3 b5 8. e5 Ng4
9. exd6 Nxe3 10. fxe3 exd6 11. Nxb5 Bxb2 12. Rb1 Bg7 13. O-O Re8 14. Rb3 Bh6
15. Qd2 Qe7 16. Kf2 Nd7 17. Ne1 Nf6 18. Bf3 Rb8 19. c4 a6 20. a4 Bf5 21. Rc3
axb5 22. axb5 Qe5 23. g3 Bg4 24. Bg2 Bh3 0-1

[Event "Skakliga 2007-08"]
[Site "Denmark"]
[Date "2007.11.10"]
[Round "1.1"]
[White "Pedersen, Steffen"]
[Black "Lund, Silas"]
[Result "1/2-1/2"]
[WhiteElo "2452"]
[BlackElo "2401"]
[PlyCount "64"]
[EventDate "2007.11.10"]
[EventType "team-tourn"]
[EventRounds "9"]
[EventCountry "DEN"]
[Source "ChessBase"]
[SourceDate "2003.11.25"]
[WhiteTeam "Sydostfyn"]
[BlackTeam "K41"]
[WhiteTeamCountry "DEN"]
[BlackTeamCountry "DEN"]

1. Nf3 Nf6 2. c4 e6 3. g3 d5 4. Bg2 Bd6 5. d4 c6 6. Nc3 Nbd7 7. O-O O-O 8. Qd3
Re8 9. e4 dxe4 10. Nxe4 Nxe4 11. Qxe4 e5 12. dxe5 Nxe5 13. Ng5 f5 14. Qc2 Bc5
15. Rd1 Qb6 16. h3 h6 17. Nf3 Nxf3+ 18. Bxf3 Be6 19. b3 Bd4 20. Bb2 Rad8 21.
Rxd4 Rxd4 22. Bxd4 Qxd4 23. Re1 Kf7 24. Re3 Qf6 25. Qd2 Rd8 26. Qa5 a6 27. Qc7+
Rd7 28. Qb8 g6 29. Kg2 Qd8 30. Qe5 Qf6 31. Qb8 Qd8 32. Qe5 Qf6 1/2-1/2

[Event "Skakliga 2007-08"]
[Site "Denmark"]
[Date "2007.11.10"]
[Round "1.2"]
[White "Smith, Axel"]
[Black "Borbjerggaard, Lars"]
[Result "1-0"]
[WhiteElo "2384"]
[BlackElo "2376"]
[PlyCount "59"]
[EventDate "2007.11.10"]
[EventType "team-tourn"]
[EventRounds "9"]
[EventCountry "DEN"]
[Source "ChessBase"]
[SourceDate "2003.11.25"]
[WhiteTeam "K41"]
[BlackTeam "Sydostfyn"]
[WhiteTeamCountry "DEN"]
[BlackTeamCountry "DEN"]

1. e4 d5 2. exd5 Nf6 3. Nf3 Nxd5 4. d4 g6 5. c4 Nb6 6. Nc3 Bg7 7. c5 Nd5 8. Bc4
c6 9. O-O O-O 10. Re1 Bg4 11. Bg5 h6 12. Nxd5 hxg5 13. Nxe7+ Kh8 14. h3 Bf6 15.
Nxg6+ fxg6 16. hxg4 Nd7 17. Qc2 Kh7 18. Re6 Rg8 19. Rxf6 Qxf6 20. Bxg8+ Rxg8
21. Re1 Rg7 22. Re6 Qf4 23. Re4 Qf6 24. Qd2 Kh6 25. Re3 Qf4 26. Nxg5 Kxg5 27.
g3 Qf7 28. Re5+ Kxg4 29. Qg5+ Kf3 30. Re3# 1-0

[Event "Skakliga 2007-08"]
[Site "Denmark"]
[Date "2007.11.10"]
[Round "1.3"]
[White "Sorensen, Torben N"]
[Black "Ost Hansen, Jacob"]
[Result "1/2-1/2"]
[WhiteElo "2387"]
[BlackElo "2415"]
[PlyCount "83"]
[EventDate "2007.11.10"]
[EventType "team-tourn"]
[EventRounds "9"]
[EventCountry "DEN"]
[Source "ChessBase"]
[SourceDate "2003.11.25"]
[WhiteTeam "Sydostfyn"]
[BlackTeam "K41"]
[WhiteTeamCountry "DEN"]
[BlackTeamCountry "DEN"]

1. Nf3 g6 2. e4 Bg7 3. d4 d6 4. Bc4 e6 5. Bb3 Ne7 6. O-O a6 7. a4 b6 8. Re1 h6
9. c3 Bb7 10. Nbd2 Nd7 11. Qe2 Rb8 12. Bc4 Qc8 13. Bd3 O-O 14. e5 dxe5 15. Nxe5
Nxe5 16. dxe5 b5 17. axb5 axb5 18. Ne4 Bxe4 19. Bxe4 Rd8 20. h4 Nd5 21. h5 g5
22. Bc2 c6 23. Qe4 Ra8 24. Rxa8 Qxa8 25. Bxg5 hxg5 26. h6 Bxh6 27. Qh7+ Kf8 28.
Qxh6+ Ke8 29. Bb3 c5 30. Qxg5 c4 31. Bd1 Qa1 32. Qg8+ Ke7 33. Qxf7+ Kxf7 34.
Bh5+ Kg7 35. Rxa1 Nf4 36. Ra7+ Kh6 37. Bf3 Rd2 38. Rf7 Kg5 39. Be4 Re2 40. Rg7+
Kh6 41. Rh7+ Kg5 42. Rg7+ 1/2-1/2

[Event "Skakliga 2007-08"]
[Site "Denmark"]
[Date "2007.11.10"]
[Round "1.4"]
[White "Greger, Roland Reinhard"]
[Black "Nordenbaek, Jan"]
[Result "1/2-1/2"]
[WhiteElo "2359"]
[BlackElo "2223"]
[PlyCount "76"]
[EventDate "2007.11.10"]
[EventType "team-tourn"]
[EventRounds "9"]
[EventCountry "DEN"]
[Source "ChessBase"]
[SourceDate "2003.11.25"]
[WhiteTeam "K41"]
[BlackTeam "Sydostfyn"]
[WhiteTeamCountry "DEN"]
[BlackTeamCountry "DEN"]

1. e4 c5 2. Nf3 Nc6 3. d4 cxd4 4. Nxd4 Nf6 5. Nc3 e5 6. Ndb5 d6 7. Bg5 a6 8.
Na3 b5 9. Nd5 Qa5+ 10. Bd2 Qd8 11. Bd3 Nxd5 12. exd5 Nd4 13. O-O g6 14. c4 Bg7
15. cxb5 O-O 16. Bc3 Bb7 17. Bxd4 exd4 18. Qf3 Re8 19. bxa6 Bxa6 20. Bxa6 Rxa6
21. Nc4 Qb8 22. a3 Rc8 23. Rac1 Qb7 24. b4 Re8 25. Na5 Qe7 26. Rfd1 Bh6 27. Nc6
Rxc6 28. dxc6 Bxc1 29. g3 Bd2 30. b5 Ba5 31. Rxd4 Qe5 32. Qe3 Qxe3 33. fxe3
Rxe3 34. Ra4 Bb6 35. Ra6 Bd4 36. Kf1 Rc3 37. b6 Bxb6 38. Rxb6 Kg7 1/2-1/2

[Event "Skakliga 2007-08"]
[Site "Denmark"]
[Date "2007.11.10"]
[Round "1.5"]
[White "Strandby, Martin"]
[Black "Semcesen, Daniel"]
[Result "0-1"]
[WhiteElo "2072"]
[BlackElo "2293"]
[PlyCount "60"]
[EventDate "2007.11.10"]
[EventType "team-tourn"]
[EventRounds "9"]
[EventCountry "DEN"]
[Source "ChessBase"]
[SourceDate "2003.11.25"]
[WhiteTeam "Sydostfyn"]
[BlackTeam "K41"]
[WhiteTeamCountry "DEN"]
[BlackTeamCountry "DEN"]

1. d4 d5 2. c4 dxc4 3. Nf3 Nf6 4. Nc3 a6 5. a4 Nc6 6. e3 Bg4 7. Bxc4 e6 8. O-O
Bd6 9. h3 Bh5 10. Be2 O-O 11. b3 Re8 12. Bb2 Qe7 13. Nd2 Bg6 14. f4 Nd5 15. Rf3
Nxf4 16. exf4 Nxd4 17. Nde4 Nxf3+ 18. Bxf3 Bxf4 19. Ba3 Be3+ 20. Kh1 Qh4 21.
Qd3 Bb6 22. Qe2 Rad8 23. Bc1 h6 24. a5 Bd4 25. Be3 Bxe4 26. Bxd4 Bxf3 27. Qxf3
Qxd4 28. Rd1 Qb4 29. Rf1 f5 30. g4 fxg4 0-1

[Event "Skakliga 2007-08"]
[Site "Denmark"]
[Date "2007.11.10"]
[Round "1.6"]
[White "Naes, Flovin Tor"]
[Black "Jepsen, Thomas"]
[Result "1-0"]
[WhiteElo "2243"]
[BlackElo "2073"]
[PlyCount "115"]
[EventDate "2007.11.10"]
[EventType "team-tourn"]
[EventRounds "9"]
[EventCountry "DEN"]
[Source "ChessBase"]
[SourceDate "2003.11.25"]
[WhiteTeam "K41"]
[BlackTeam "Sydostfyn"]
[WhiteTeamCountry "DEN"]
[BlackTeamCountry "DEN"]

1. d4 Nf6 2. Bg5 c5 3. Bxf6 gxf6 4. d5 Qb6 5. Qc1 d6 6. Nd2 Bf5 7. e4 Bg6 8.
Bd3 Bh6 9. h4 Bxd2+ 10. Qxd2 c4 11. Bxc4 Bxe4 12. O-O-O Bf5 13. Qf4 Bc8 14. Rd3
Rg8 15. Rb3 Qa5 16. Nf3 a6 17. Re3 Kd8 18. Qe4 Re8 19. Qxh7 Nd7 20. Qxf7 b5 21.
Bb3 Nc5 22. Rhe1 Ra7 23. Nd4 Nxb3+ 24. axb3 Bd7 25. Kb1 Rc7 26. c3 b4 27. Rxe7
Rxe7 28. Qxe7+ Kc8 29. Qf8+ Kb7 30. c4 Qc5 31. Qxf6 a5 32. h5 a4 33. h6 axb3
34. Nxb3 Qa7 35. h7 Ba4 36. Qd4 Rxh7 37. Qxa7+ Kxa7 38. Nd4 b3 39. Kc1 Rh4 40.
Rd1 Kb6 41. Rd3 Kc5 42. Ne6+ Kxc4 43. Kd2 Rh1 44. Rd4+ Kb5 45. Ke3 Re1+ 46. Kf3
Rc1 47. g4 Rc2 48. g5 Rxb2 49. g6 Rxf2+ 50. Kxf2 b2 51. g7 b1=Q 52. g8=Q Qb2+
53. Kg3 Qc3+ 54. Kh4 Qe1+ 55. Qg3 Qh1+ 56. Kg5 Qc1+ 57. Qf4 Qg1+ 58. Kf6 1-0

[Event "Skakliga 2007-08"]
[Site "Denmark"]
[Date "2007.11.10"]
[Round "1.7"]
[White "Nohr, Finn"]
[Black "Clausen, Steen"]
[Result "1-0"]
[WhiteElo "2058"]
[BlackElo "2240"]
[PlyCount "71"]
[EventDate "2007.11.10"]
[EventType "team-tourn"]
[EventRounds "9"]
[EventCountry "DEN"]
[Source "ChessBase"]
[SourceDate "2003.11.25"]
[WhiteTeam "Sydostfyn"]
[BlackTeam "K41"]
[WhiteTeamCountry "DEN"]
[BlackTeamCountry "DEN"]

1. e4 d6 2. d4 Nf6 3. Nc3 g6 4. Be3 Bg7 5. Qd2 Nc6 6. f3 O-O 7. Nge2 e5 8.
O-O-O exd4 9. Nxd4 Nxd4 10. Bxd4 Be6 11. g4 c6 12. Be3 Qa5 13. Bh6 Rad8 14.
Bxg7 Kxg7 15. Be2 b5 16. g5 Nh5 17. f4 b4 18. Nb1 Bxa2 19. Bxh5 Bxb1 20. Kxb1
gxh5 21. Rdg1 Qc5 22. Qe2 Rfe8 23. Qxh5 Rxe4 24. Qh6+ Kg8 25. g6 fxg6 26. Rxg6+
hxg6 27. Qxg6+ Kf8 28. Qxe4 b3 29. cxb3 Re8 30. Qg6 Re2 31. h4 d5 32. Rg1 Qd4
33. Qg8+ Ke7 34. Rg7+ Kd6 35. Qf8+ Ke6 36. Re7+ 1-0

[Event "Skakliga 2007-08"]
[Site "Denmark"]
[Date "2007.11.10"]
[Round "1.8"]
[White "Laursen, Niels Norskov"]
[Black "Mikkelsen, Jakob"]
[Result "1-0"]
[WhiteElo "2170"]
[BlackElo "2009"]
[PlyCount "103"]
[EventDate "2007.11.10"]
[EventType "team-tourn"]
[EventRounds "9"]
[EventCountry "DEN"]
[Source "ChessBase"]
[SourceDate "2003.11.25"]
[WhiteTeam "K41"]
[BlackTeam "Sydostfyn"]
[WhiteTeamCountry "DEN"]
[BlackTeamCountry "DEN"]

1. e4 e6 2. d4 d5 3. Nc3 Nf6 4. e5 Nfd7 5. f4 c5 6. Nf3 Nc6 7. Be3 Qb6 8. Na4
Qa5+ 9. c3 cxd4 10. b4 Nxb4 11. cxb4 Bxb4+ 12. Bd2 Bxd2+ 13. Nxd2 b6 14. Nb2
Nc5 15. Be2 Qc3 16. Qc1 O-O 17. O-O Qe3+ 18. Rf2 d3 19. Nd1 Qd4 20. Bf1 Ba6 21.
Nf3 Qb4 22. Qe3 Rac8 23. Nd4 Ne4 24. Rb2 Qa4 25. Bxd3 Bxd3 26. Qxd3 Rc4 27. Ne2
Rfc8 28. Ne3 R4c5 29. g3 g6 30. Qd1 Qa5 31. Qe1 Qa4 32. Qb4 Qa6 33. Rf1 Qd3 34.
Qd4 Qa3 35. Rfb1 Nc3 36. Nxc3 Rxc3 37. Ng4 Rc1+ 38. Rxc1 Rxc1+ 39. Kg2 Rc4 40.
Nf6+ Kg7 41. Qf2 Qa4 42. Rd2 Qc6 43. Kh3 h6 44. Qe2 a5 45. Qe3 Qb5 46. Qd3 Qb4
47. a3 Qc5 48. Ne8+ Kf8 49. Nd6 Rc3 50. Qa6 g5 51. Qb7 Qg1 52. Qxf7# 1-0

[Event "Skakliga 2007-08"]
[Site "Denmark"]
[Date "2007.11.11"]
[Round "2.1"]
[White "Hansen, Sune Berg"]
[Black "Pedersen, Steffen"]
[Result "1/2-1/2"]
[WhiteElo "2567"]
[BlackElo "2452"]
[PlyCount "23"]
[EventDate "2007.11.10"]
[EventType "team-tourn"]
[EventRounds "9"]
[EventCountry "DEN"]
[Source "ChessBase"]
[SourceDate "2003.11.25"]
[WhiteTeam "Helsingor"]
[BlackTeam "Sydostfyn"]
[WhiteTeamCountry "DEN"]
[BlackTeamCountry "DEN"]

1. Nf3 d5 2. g3 Bg4 3. Bg2 Nd7 4. O-O Ngf6 5. d3 e6 6. Nbd2 Bc5 7. b3 a5 8. a3
O-O 9. Bb2 c6 10. e4 Qb8 11. Qe2 Bh5 12. Kh1 1/2-1/2

[Event "Skakliga 2007-08"]
[Site "Denmark"]
[Date "2007.11.11"]
[Round "2.2"]
[White "Borbjerggaard, Lars"]
[Black "Mortensen, Erling"]
[Result "0-1"]
[WhiteElo "2376"]
[BlackElo "2456"]
[PlyCount "138"]
[EventDate "2007.11.10"]
[EventType "team-tourn"]
[EventRounds "9"]
[EventCountry "DEN"]
[Source "ChessBase"]
[SourceDate "2003.11.25"]
[WhiteTeam "Sydostfyn"]
[BlackTeam "Helsingor"]
[WhiteTeamCountry "DEN"]
[BlackTeamCountry "DEN"]

1. d4 g6 2. c4 Bg7 3. Nc3 d6 4. Bg5 h6 5. Bh4 f5 6. e3 Nf6 7. Bd3 e5 8. f3 O-O
9. Nge2 Nc6 10. Qd2 a5 11. Bc2 Nb4 12. O-O-O Be6 13. d5 Bd7 14. Bb1 Na6 15. h3
e4 16. fxe4 Nxe4 17. Bxd8 Nxd2 18. Kxd2 Raxd8 19. Rdf1 Nc5 20. Nf4 g5 21. Ng6
Rf7 22. h4 Bxc3+ 23. Kxc3 Kg7 24. h5 Re8 25. Kd4 Ne4 26. Bxe4 Rxe4+ 27. Kd3 c6
28. dxc6 Bxc6 29. Rf2 Rg4 30. Rg1 Be4+ 31. Kc3 Rc7 32. b3 b5 33. Rd1 d5 34. Ne5
Rxg2 35. Rxg2 Bxg2 36. Kd4 dxc4 37. bxc4 bxc4 38. Rg1 Be4 39. Nxc4 a4 40. Ne5
Kf6 41. Ng4+ Ke6 42. Nxh6 Rd7+ 43. Kc5 Rh7 44. Rd1 Ke5 45. Ng8 Rxh5 46. Rd8 Ke6
47. Rd6+ Kf7 48. Nf6 Rh2 49. Nxe4 fxe4 50. a3 Re2 51. Ra6 Rxe3 52. Rxa4 g4 53.
Kd4 Re2 54. Ke5 g3 55. Ra7+ Kg6 56. Ra8 Kg5 57. Rg8+ Kh4 58. a4 Kh3 59. Kf4
Rf2+ 60. Ke3 Rf3+ 61. Kxe4 Ra3 62. a5 Rxa5 63. Kf4 Ra3 64. Rb8 Kh2 65. Rh8+ Kg1
66. Rb8 g2 67. Kg4 Re3 68. Rf8 Re7 69. Ra8 Kf2 0-1

[Event "Skakliga 2007-08"]
[Site "Denmark"]
[Date "2007.11.11"]
[Round "2.3"]
[White "Nielsen, Nicholas Roland"]
[Black "Sorensen, Torben N"]
[Result "0-1"]
[WhiteElo "2219"]
[BlackElo "2387"]
[PlyCount "86"]
[EventDate "2007.11.10"]
[EventType "team-tourn"]
[EventRounds "9"]
[EventCountry "DEN"]
[Source "ChessBase"]
[SourceDate "2003.11.25"]
[WhiteTeam "Helsingor"]
[BlackTeam "Sydostfyn"]
[WhiteTeamCountry "DEN"]
[BlackTeamCountry "DEN"]

1. e4 c5 2. Nf3 d6 3. d4 cxd4 4. Nxd4 Nf6 5. Nc3 g6 6. Be3 Bg7 7. Bc4 O-O 8. f3
Nc6 9. Qd2 Bd7 10. Bb3 Rc8 11. O-O-O Ne5 12. Kb1 Nc4 13. Bxc4 Rxc4 14. g4 Qb8
15. h4 b5 16. h5 Qb7 17. Qh2 Rxc3 18. bxc3 b4 19. c4 Qa6 20. Qe2 Bxg4 21. hxg6
Nxe4 22. Qh2 Nc3+ 23. Kc1 h5 24. fxg4 Qa3+ 25. Kd2 Ne4+ 26. Ke2 Nc3+ 27. Kd2
Ne4+ 28. Ke2 Be5 29. Qxh5 Ng3+ 30. Kf2 fxg6+ 31. Kg2 gxh5 32. Rhe1 hxg4 33. Bh6
Bxd4 34. Rd3 Qxa2 35. Rxd4 Qxc2+ 36. Rd2 Qh7 37. Bxf8 Qh3+ 38. Kf2 Qh2+ 39. Ke3
Nf5+ 40. Kd3 Qg3+ 41. Kc2 Kxf8 42. Rf1 Qc3+ 43. Kd1 Qa1+ 0-1

[Event "Skakliga 2007-08"]
[Site "Denmark"]
[Date "2007.11.11"]
[Round "2.4"]
[White "Nordenbaek, Jan"]
[Black "Jorgensen, Michael"]
[Result "1-0"]
[WhiteElo "2223"]
[BlackElo "2217"]
[PlyCount "101"]
[EventDate "2007.11.10"]
[EventType "team-tourn"]
[EventRounds "9"]
[EventCountry "DEN"]
[Source "ChessBase"]
[SourceDate "2003.11.25"]
[WhiteTeam "Sydostfyn"]
[BlackTeam "Helsingor"]
[WhiteTeamCountry "DEN"]
[BlackTeamCountry "DEN"]

1. Nf3 f5 2. d3 d6 3. e4 e5 4. g3 Nf6 5. c3 c6 6. Nbd2 Na6 7. b4 Nc7 8. Bb2 Be7
9. Bg2 O-O 10. O-O Kh8 11. Re1 a5 12. a3 axb4 13. axb4 Rxa1 14. Qxa1 fxe4 15.
dxe4 b5 16. Qa7 Bd7 17. Ra1 Na8 18. Ra6 Qb8 19. Ng5 Nc7 20. Ra1 Qxa7 21. Rxa7
Nfe8 22. Ngf3 Be6 23. Bf1 g5 24. c4 bxc4 25. Kg2 g4 26. Ne1 d5 27. Bxe5+ Bf6
28. Bxf6+ Rxf6 29. f4 gxf3+ 30. Ndxf3 dxe4 31. Ne5 c3 32. Nc2 Bb3 33. Nd4 Bd5
34. Ra3 e3+ 35. Kg1 c2 36. Nxc2 e2 37. Bxe2 Re6 38. Re3 Nd6 39. Bg4 Re7 40.
Ng6+ hxg6 41. Rxe7 Ncb5 42. Be6 Be4 43. Ne3 Nd4 44. Ng4 g5 45. Ne5 Nf3+ 46.
Nxf3 Bxf3 47. Kf2 g4 48. Ke3 Nb5 49. Kf4 Nc3 50. Kg5 Bd5 51. Kg6 1-0